[Event "78. Camp. Interprovinciale PD e Rov"]
[Site "Monselice ITA"]
[Date "2018.01.20"]
[Round "3.12"]
[White "Di Buono, Giovanni"]
[Black "Aliberti, Nicola"]
[Result "0-1"]
[WhiteElo "1457"]
[BlackElo "1679"]
[Annotator "Ballarin,Gabriele"]
[PlyCount "96"]
[EventDate "2018.01.19"]
[EventType "swiss"]
[EventRounds "5"]
[EventCountry "ITA"]

1. d4 d5 2. Nf3 Nf6 3. Bf4 Bg4 4. Nbd2 e6 5. e3 Bd6 6. Bg3 O-O 7. Bd3 Nc6 8. c3 a6 9. a4 Re8 10. Qc2 e5 11. dxe5 Nxe5 12. Nxe5 Bxe5 13. Bh4 h6 14. O-O c5 15. f4 Bd6 16. h3 Bd7 17. Rae1 Be7 18. Nf3 Ne4 19. Bxe7 Qxe7 20. Bxe4 Qxe4 21. Qd1 Bxa4 22. Qd2 Bb5 23. Rf2 Qd3 24. Ne5 Qxd2 25. Rxd2 f6 26. Nf3 Bc6 27. Kf2 Kf7 28. g4 a5 29. h4 a4 30. Ra1 b6 31. Re2 {=} Re7 32. h5 Bb5 33. Rd2 Bc4 34. Nh4 Rea7 35. Nf5 a3 36. Nd6+ Ke7 37. Nxc4 dxc4 38. bxa3 Rxa3 39. Rxa3 Rxa3 40. Rc2 b5 41. Ke2 Kd6 42. e4 Ra8 43. Rd2+ Kc6 44. Rc2 Ra1 45. Kf3 Rd1 46. Ke2 Rd3 47. Kf2 Rh3 48. e5 Rh2+ 0-1

[Event "78. Camp. Interprovinciale PD e Rov"]
[Site "Monselice ITA"]
[Date "2018.01.20"]
[Round "3.13"]
[White "Alfier, Cecilia"]
[Black "Minei, Giovanni"]
[Result "0-1"]
[WhiteElo "1641"]
[BlackElo "1613"]
[Annotator "Ballarin,Gabriele"]
[PlyCount "104"]
[EventDate "2018.01.19"]
[EventType "swiss"]
[EventRounds "5"]
[EventCountry "ITA"]

1. e4 c6 2. d4 d5 3. exd5 cxd5 4. c4 Nf6 5. Nf3 e6 6. Nc3 Nc6 7. c5 b6 8. cxb6 Qxb6 9. Be2 Ba6 10. Bxa6 Qxa6 11. h3 Bd6 12. Qe2 Qxe2+ 13. Nxe2 O-O 14. O-O Rab8 15. Rb1 Ne4 16. Be3 Nb4 17. a3 Nc6 18. b4 h6 19. Rfc1 Rfc8 20. Bf4 Ne7 21. Bxd6 Nxd6 22. Nd2 Nb5 23. a4 Na3 24. Rxc8+ Rxc8 25. Rc1 Rxc1+ 26. Nxc1 Nc2 27. b5 Nxd4 28. Ncb3 Ne2+ 29. Kf1 Nc3 30. Nc5 Nc8 31. a5 Nxb5 32. Ke2 Kf8 33. Ndb3 Ke7 34. Kd3 Ncd6 35. a6 Nc4 36. f4 Kd6 37. g4 Nb6 38. Nb7+ Kc7 39. N3c5 Nd6 40. Na5 Nbc4 41. Nab3 Kb6 42. g5 hxg5 43. fxg5 Ne8 44. h4 Nc7 45. h5 Ne5+ 46. Kc3 Nxa6 47. Nxa6 Kxa6 48. h6 gxh6 49. gxh6 Kb6 50. h7 Ng6 51. Nd2 Kc6 52. Nf3 Kd6 0-1

[Event "78. Camp. Interprovinciale PD e Rov"]
[Site "Monselice ITA"]
[Date "2018.01.20"]
[Round "3.14"]
[White "Giannati, Manuel"]
[Black "Taddia, Davide"]
[Result "1/2-1/2"]
[WhiteElo "1476"]
[BlackElo "1482"]
[Annotator "Ballarin,Gabriele"]
[PlyCount "94"]
[EventDate "2018.01.19"]
[EventType "swiss"]
[EventRounds "5"]
[EventCountry "ITA"]

1. e4 d5 2. exd5 Nf6 3. d4 Nxd5 4. Nf3 Bf5 5. Bd3 Bxd3 6. Qxd3 e6 7. Qb5+ Nd7 8. Qxb7 Nb4 9. Na3 Be7 10. O-O O-O 11. c3 Nd3 12. Qe4 Nxc1 13. Rfxc1 Rb8 14. Nc4 Nf6 15. Qc2 c5 16. Rd1 Qc7 17. h3 Rfd8 18. dxc5 Qxc5 19. Ne3 Nd5 20. Nxd5 Rxd5 21. Rxd5 Qxd5 22. b3 Bf6 23. Rd1 Qc5 24. c4 h6 25. Nd2 Qc7 26. Ne4 Be7 27. Rd2 Bb4 28. Rd3 Qe5 29. Rg3 f5 30. Nd2 Rd8 31. Rd3 Qe1+ 32. Nf1 Rxd3 33. Qxd3 Bc5 34. Qd2 Qe5 35. Ne3 Bd6 36. g3 h5 37. Ng2 Kf7 38. Qe3 Qa1+ 39. Kh2 Qxa2 40. Nf4 Bxf4 41. Qxf4 Qxb3 42. Qc7+ Kf6 43. c5 Qc2 44. Kg1 Qd1+ 45. Kg2 Qd5+ 46. Kh2 Qd4 47. Kg2 Qd5+ 1/2-1/2

[Event "78. Camp. Interprovinciale PD e Rov"]
[Site "Monselice ITA"]
[Date "2018.01.20"]
[Round "3.15"]
[White "Dal Cin, Carlo"]
[Black "Lovisetto, Giampaolo"]
[Result "1/2-1/2"]
[WhiteElo "1440"]
[BlackElo "1556"]
[Annotator "Ballarin,Gabriele"]
[PlyCount "69"]
[EventDate "2018.01.19"]
[EventType "swiss"]
[EventRounds "5"]
[EventCountry "ITA"]

1. d4 d5 2. c4 e6 3. Nc3 Nf6 4. e3 Be7 5. Nf3 O-O 6. cxd5 exd5 7. Bd3 h6 8. O-O Be6 9. Bd2 Nbd7 10. Rc1 c6 11. Ne5 Bd6 12. f4 a6 13. f5 Nxe5 14. dxe5 Bxe5 15. fxe6 fxe6 16. Ne2 Qb8 17. Nf4 Re8 18. Bc3 Bxc3 19. Rxc3 e5 20. Nh5 Nxh5 21. Qxh5 e4 22. Be2 Qd6 23. Rf7 Re5 24. Rd7 Qf6 25. Qh3 Rf8 26. Qg3 Rf5 27. Rc1 Rg5 28. Qe1 Qg6 29. g3 h5 30. Rxb7 h4 31. g4 Rxg4+ 32. Bxg4 Qxg4+ 33. Kh1 Qf3+ 34. Kg1 Qg4+ 35. Kh1 1/2-1/2

[Event "78. Camp. Interprovinciale PD e Rov"]
[Site "Monselice ITA"]
[Date "2018.01.20"]
[Round "3.16"]
[White "Martarello, Andrea"]
[Black "Stanila, Serban"]
[Result "1-0"]
[WhiteElo "1540"]
[BlackElo "1522"]
[Annotator "Ballarin,Gabriele"]
[PlyCount "68"]
[EventDate "2018.01.19"]
[EventType "swiss"]
[EventRounds "5"]
[EventCountry "ITA"]

1. d4 e6 2. c4 d5 3. e3 Nf6 4. Nc3 Bb4 5. a3 Bxc3+ 6. bxc3 O-O 7. Qc2 b6 8. Bd3 dxc4 9. Bxc4 Bb7 10. f3 Nbd7 11. e4 c5 12. Ne2 cxd4 13. cxd4 Rc8 14. Qa2 Rc7 15. Bf4 Rc8 16. O-O Re8 17. Rfc1 h6 18. a4 Qe7 19. Rab1 Rf8 20. Bd2 Qd8 21. a5 Rxc4 22. Qxc4 Qa8 23. a6 Bc8 24. Rc2 Nb8 25. Ra1 Bd7 26. Qa2 Bb5 27. Bb4 Rd8 28. Be7 Rd7 29. Rc8+ Kh7 30. Bxf6 gxf6 31. Rac1 Bxa6 32. Qxa6 Nxa6 33. Rxa8 Kg7 34. Rcc8 Nc7 1-0

[Event "78. Camp. Interprovinciale PD e Rov"]
[Site "Monselice ITA"]
[Date "2018.01.21"]
[Round "4.1"]
[White "De Napoli, Giuseppe"]
[Black "Simonetto, Alessio"]
[Result "0-1"]
[WhiteElo "1955"]
[BlackElo "2068"]
[Annotator "Ballarin,Gabriele"]
[PlyCount "66"]
[EventDate "2018.01.19"]
[EventType "swiss"]
[EventRounds "5"]
[EventCountry "ITA"]

1. d4 d5 2. Bf4 Nf6 3. e3 c5 4. c3 Nc6 5. Nd2 e6 6. Bd3 Be7 7. h3 Qb6 8. Rb1 cxd4 9. exd4 Bd7 10. Ngf3 Nh5 11. Bh2 g6 12. O-O f6 13. Re1 O-O 14. g4 Ng7 15. Kg2 Rae8 16. Bc2 Bd8 17. Nb3 Be7 18. Qc1 Nd8 19. Qe3 Bd6 20. Nc5 Qc7 21. Bxd6 Qxd6 22. Nxd7 Qxd7 23. Qd2 Nf7 24. Qf4 Nd6 25. Qh6 Nf7 26. Qf4 Nd6 27. Qh6 Qc7 28. Qd2 Nc4 29. Qd3 Qf4 {=} 30. b3 Na3 31. Rbc1 f5 32. gxf5 Nxf5 33. Qe2 Qxf3+ 0-1

[Event "78. Camp. Interprovinciale PD e Rov"]
[Site "Monselice ITA"]
[Date "2018.01.21"]
[Round "4.2"]
[White "Gallo, Enrico"]
[Black "Privitera, Franco"]
[Result "1-0"]
[WhiteElo "2100"]
[BlackElo "2006"]
[Annotator "Ballarin,Gabriele"]
[PlyCount "67"]
[EventDate "2018.01.19"]
[EventType "swiss"]
[EventRounds "5"]
[EventCountry "ITA"]

1. e4 e6 2. d4 d5 3. Nc3 Bb4 4. e5 Ne7 5. a3 Bxc3+ 6. bxc3 b6 7. Nf3 Qd7 8. a4 a5 9. Ba3 Ba6 10. Bxa6 Nxa6 11. O-O O-O 12. Qd3 h6 13. g4 c5 14. Nh4 Qxa4 15. f4 Qc4 16. Qg3 Ng6 17. Ng2 b5 18. Rad1 b4 19. cxb4 axb4 20. Ne3 Qb5 21. Bb2 cxd4 22. Rxd4 Nc5 23. f5 Ra2 24. fxg6 Rxb2 25. g5 hxg5 26. Qxg5 Qe8 27. Rdf4 Ne4 28. Qh5 fxg6 29. Rxf8+ Qxf8 30. Rxf8+ Kxf8 31. Qxg6 Rb1+ 32. Kg2 Re1 33. Kf3 Nc3 34. Qxe6 1-0

[Event "78. Camp. Interprovinciale PD e Rov"]
[Site "Monselice ITA"]
[Date "2018.01.21"]
[Round "4.3"]
[White "Simonetto, Andrea"]
[Black "Giuriato, Sergio"]
[Result "1-0"]
[WhiteElo "2055"]
[BlackElo "1940"]
[Annotator "Ballarin,Gabriele"]
[PlyCount "61"]
[EventDate "2018.01.19"]
[EventType "swiss"]
[EventRounds "5"]
[EventCountry "ITA"]

1. d4 d5 2. c4 e6 3. Nc3 Nf6 4. cxd5 exd5 5. Bg5 c6 6. Qc2 Be7 7. e3 Nbd7 8. Bd3 Nh5 9. Bxe7 Qxe7 10. O-O-O Nb6 11. h3 g6 12. Nf3 Ng7 13. Kb1 Be6 14. Rc1 O-O 15. g4 Rfc8 16. Rcg1 c5 17. h4 cxd4 18. Nxd4 Nc4 19. h5 Qb4 20. Bxc4 Rxc4 21. hxg6 hxg6 22. Rh4 Rac8 23. Rgh1 Nh5 24. Ka1 Rxd4 25. exd4 Nf4 26. Rh8+ Kg7 27. Rxc8 Bxc8 28. Nxd5 Nxd5 29. Qxc8 Kf6 30. Qh8+ Ke7 31. Qe5+ 1-0

[Event "78. Camp. Interprovinciale PD e Rov"]
[Site "Monselice ITA"]
[Date "2018.01.21"]
[Round "4.4"]
[White "Zanirato, Stefano"]
[Black "Zangheratti, Daniele"]
[Result "1-0"]
[WhiteElo "1884"]
[BlackElo "1874"]
[Annotator "Ballarin,Gabriele"]
[PlyCount "120"]
[EventDate "2018.01.19"]
[EventType "swiss"]
[EventRounds "5"]
[EventCountry "ITA"]

1. e4 c5 2. Nf3 d6 3. Bb5+ Bd7 4. Bxd7+ Qxd7 5. O-O Nf6 6. Re1 Nc6 7. c3 g6 8. d4 Bg7 9. h3 Rd8 10. Na3 cxd4 11. cxd4 O-O 12. Bd2 d5 13. e5 Ne4 14. Be3 Rc8 15. Qe2 a6 16. Rec1 b5 17. Nd2 f5 18. exf6 Nxf6 19. Nb3 Ne4 20. Nc2 Qe6 21. Re1 Qd7 22. Rac1 Rce8 23. Qg4 Qxg4 24. hxg4 e5 25. f3 Nd6 26. Rcd1 Nc4 27. dxe5 Rxe5 28. Bc1 Rxe1+ 29. Nxe1 Re8 30. Nd3 a5 31. Nbc5 Bd4+ 32. Kf1 Be3 33. b3 Bxc1 34. Rxc1 Ne3+ 35. Kf2 Nd4 36. Nd7 Re7 37. N7e5 Ndc2 38. Ke2 Kg7 39. Kd2 Rc7 40. Nf4 Kf6 41. Ned3 Rd7 42. Rxc2 Nxc2 43. Kxc2 Kg5 44. g3 d4 45. Ne5 Re7 46. Nh3+ Kf6 47. f4 h6 48. Kd3 Rc7 49. Nf2 g5 50. Kxd4 Rc2 51. Ne4+ Ke6 52. f5+ Ke7 53. a4 bxa4 54. bxa4 Ra2 55. Nc5 Ra3 56. Ned3 Ra1 57. Ke5 Ra2 58. f6+ Kf7 59. Kf5 Rg2 60. Ne5+ Ke8 1-0

[Event "78. Camp. Interprovinciale PD e Rov"]
[Site "Monselice ITA"]
[Date "2018.01.21"]
[Round "4.5"]
[White "Balestra, Stefano"]
[Black "Capitò, Mario"]
[Result "1/2-1/2"]
[WhiteElo "1734"]
[BlackElo "1817"]
[Annotator "Ballarin,Gabriele"]
[PlyCount "100"]
[EventDate "2018.01.19"]
[EventType "swiss"]
[EventRounds "5"]
[EventCountry "ITA"]

1. Nf3 b6 2. d3 d5 3. c3 Bb7 4. Nbd2 Nf6 5. Qc2 Nbd7 6. e4 e5 7. exd5 Nxd5 8. Nc4 Qe7 9. Bg5 f6 10. Be3 O-O-O 11. O-O-O g5 12. h3 h5 13. Be2 Bh6 14. Bd2 Nc5 15. d4 exd4 16. Nxd4 Nb4 17. cxb4 Rxd4 18. Be3 Be4 19. Qc3 Rxd1+ 20. Rxd1 Nb7 21. Bxh5 Bf8 22. Bg4+ Kb8 23. Bxg5 Bg7 24. Rd7 fxg5 25. Qxg7 Qxg7 26. Rxg7 Bxg2 27. Rxg5 Bf1 28. Ne3 Ba6 29. Be6 (29. b5) 29... Nd6 30. Rg8+ Rxg8 31. Bxg8 Ne4 32. f4 Kc8 33. h4 Be2 34. Bc4 Bh5 35. f5 Kd8 36. Kc2 Ke7 37. Nd5+ Kd6 38. Nf4 Be8 39. Kd3 Ke5 40. Nd5 c6 41. Ne3 Bh5 42. Be6 Nf2+ 43. Kc2 Ne4 44. Bd7 Kd6 45. Be6 Ke7 46. Kd3 Nd6 47. Kd4 Kf6 48. a4 Bf3 49. Bd7 Ke7 50. Be6 Kf6 1/2-1/2

[Event "78. Camp. Interprovinciale PD e Rov"]
[Site "Monselice ITA"]
[Date "2018.01.21"]
[Round "4.6"]
[White "Renier, Renzo"]
[Black "Pomaro, Stefano"]
[Result "0-1"]
[WhiteElo "1936"]
[BlackElo "1713"]
[Annotator "Gabriele Ballarin"]
[PlyCount "60"]
[EventDate "2018.01.19"]
[EventType "swiss"]
[EventRounds "5"]
[EventCountry "ITA"]

{[%evp 0,59,30,28,22,27,75,56,56,55,86,37,75,37,42,46,63,50,60,59,59,48,30,42,33,5,22,6,18,-4,-46,-39,-45,-24,-24,-43,-41,-75,-80,-85,-40,-107,-104,-95,-86,-87,-93,-90,-87,-98,-38,-46,-53,-53,-66,-57,-53,-97,-97,-28,0,-833]} 1. e4 Nc6 2. Nf3 d6 3. d4 Nf6 4. Nc3 Bg4 5. Be2 g6 6. h3 (6. d5 $1) 6... Bxf3 7. Bxf3 Bg7 8. O-O O-O 9. Be3 Nd7 10. Qd2 Nb6 11. b3 e5 12. d5 Nd4 13. Bd1 (13. Bxd4 exd4 14. Nb5 d3 15. c3 c6 16. dxc6 bxc6 17. Nd4 c5 18. Nb5 a6 19. Na3 d5 20. exd5 Nxd5 21. Rac1) 13... c6 14. Ne2 $6 (14. Na4 cxd5 15. c3 Nxa4 16. bxa4 Ne6 17. exd5 Nf4 18. g3 Nh5 19. Bxh5 gxh5 20. Rab1) 14... cxd5 15. Nxd4 exd4 16. Bxd4 dxe4 17. Be2 Qe7 18. Rad1 Bxd4 19. Qxd4 d5 (19... Rac8) 20. Rfe1 Rac8 21. Rd2 Qa3 22. c4 dxc4 23. Bxc4 Nxc4 24. bxc4 Rfd8 25. Qxd8+ Rxd8 26. Rxd8+ Kg7 27. Rxe4 Qxa2 28. f3 a5 29. Rd7 Qb3 30. Rf4 $4 (30. Kh2) 30... Qe3+ 0-1

[Event "78. Camp. Interprovinciale PD e Rov"]
[Site "Monselice ITA"]
[Date "2018.01.21"]
[Round "4.7"]
[White "Minei, Giovanni"]
[Black "Gregori, Giacomo"]
[Result "0-1"]
[WhiteElo "1613"]
[BlackElo "2273"]
[Annotator "Ballarin,Gabriele"]
[PlyCount "108"]
[EventDate "2018.01.19"]
[EventType "swiss"]
[EventRounds "5"]
[EventCountry "ITA"]

1. Nf3 Nf6 2. d4 g6 3. Bf4 c5 4. c3 Bg7 5. h3 O-O 6. e3 b6 7. Nbd2 Bb7 8. Bd3 d6 9. O-O Nbd7 10. Re1 Re8 11. Bc2 e5 12. dxe5 dxe5 13. Bh2 e4 14. Ng5 h6 15. Nxf7 Kxf7 16. Nc4 Bf8 17. Bd6 Kg7 18. Bb3 Bd5 19. Bf4 Bxc4 20. Bxc4 Ne5 21. Bb5 Nd3 22. Re2 Nxf4 23. exf4 Qxd1+ 24. Rxd1 Red8 25. Red2 Be7 26. Bc6 Rac8 27. Bb7 Rb8 28. Bc6 Kf7 29. Kf1 Rxd2 30. Rxd2 Rd8 31. Ke2 Rxd2+ 32. Kxd2 Ke6 33. Ke3 Bd6 34. Bxe4 Nxe4 35. Kxe4 Be7 36. c4 Bf6 37. b3 Bd4 38. f3 Bf2 39. g4 Be1 40. Kd3 Bf2 41. Ke2 {=} Bd4 42. Kd3 h5 43. Ke4 Bb2 44. a4 a5 45. f5+ gxf5+ 46. gxf5+ Kf6 47. Kd5 Kxf5 48. Kc6 Bc3 49. Kxb6 Bb4 50. Kc6 h4 51. f4 Kxf4 52. Kd5 Ba3 53. Kd6 Kg3 54. Ke5 Kxh3 0-1

[Event "78. Camp. Interprovinciale PD e Rov"]
[Site "Monselice ITA"]
[Date "2018.01.21"]
[Round "4.8"]
[White "Sinato, Fabrizio"]
[Black "Pasin, Mattia"]
[Result "1-0"]
[WhiteElo "1856"]
[BlackElo "1690"]
[Annotator "Ballarin,Gabriele"]
[PlyCount "75"]
[EventDate "2018.01.19"]
[EventType "swiss"]
[EventRounds "5"]
[EventCountry "ITA"]

1. e4 c5 2. Nf3 Nc6 3. d4 cxd4 4. Nxd4 e5 5. Nb5 d6 6. Bc4 a6 7. N5c3 Be6 8. Bxe6 fxe6 9. O-O Nf6 10. Bg5 Be7 11. Nd2 O-O 12. Bxf6 Rxf6 13. Ne2 d5 14. exd5 exd5 15. c3 Bc5 16. Ng3 Qd6 17. Qe2 Raf8 18. Nde4 dxe4 19. Nxe4 Qe7 20. Qc4+ R6f7 21. Qxc5 Qh4 22. Qd5 Kh8 23. f3 Rf5 24. Ng3 Rg5 25. Qe4 Rf4 26. Qe1 Qh6 27. Rd1 Rh4 28. Qd2 g6 29. Ne4 Rgh5 30. Qxh6 Rxh6 31. h3 Rf4 32. Rd7 Na5 33. Nd6 Rh5 34. Re1 Kg8 35. Nxb7 Nc4 36. b3 Na3 37. Kf2 Rf6 38. Nd6 1-0

[Event "78. Camp. Interprovinciale PD e Rov"]
[Site "Monselice ITA"]
[Date "2018.01.21"]
[Round "4.9"]
[White "Rosina, Graziano"]
[Black "Aliberti, Nicola"]
[Result "1/2-1/2"]
[WhiteElo "1789"]
[BlackElo "1679"]
[Annotator "Ballarin,Gabriele"]
[PlyCount "57"]
[EventDate "2018.01.19"]
[EventType "swiss"]
[EventRounds "5"]
[EventCountry "ITA"]

1. e4 e5 2. Bc4 Nf6 3. d3 h6 4. Nf3 Nc6 5. O-O Bc5 6. c3 Bb6 7. b4 d6 8. a4 a6 9. h3 O-O 10. Re1 Ne7 11. Nbd2 Ng6 12. Nf1 Be6 13. Ba2 Qd7 14. Bxe6 fxe6 15. Ng3 Rae8 16. a5 Ba7 17. Be3 Bxe3 18. fxe3 d5 19. Qb3 dxe4 20. dxe4 Qc6 21. Qc2 Rd8 22. Rad1 Rd6 23. Rxd6 cxd6 24. Qd3 Rc8 25. Rc1 Kf7 26. Nd2 Ke7 27. c4 Qa4 28. Qb3 Qxb3 29. Nxb3 1/2-1/2

[Event "78. Camp. Interprovinciale PD e Rov"]
[Site "Monselice ITA"]
[Date "2018.01.21"]
[Round "4.10"]
[White "Belloni, Umberto"]
[Black "De Marzi, Davide"]
[Result "0-1"]
[WhiteElo "1715"]
[BlackElo "1521"]
[Annotator "Ballarin,Gabriele"]
[PlyCount "52"]
[EventDate "2018.01.19"]
[EventType "swiss"]
[EventRounds "5"]
[EventCountry "ITA"]

1. d4 e6 2. c3 d5 3. a3 Nf6 4. Bg5 Be7 5. Bxf6 Bxf6 6. f4 b6 7. e3 Bb7 8. Nf3 Nd7 9. Bd3 c5 10. Nbd2 Rc8 11. h4 Be7 12. g3 Nf6 13. Ne5 Ne4 14. Bb5+ Kf8 15. Nxe4 dxe4 16. Qh5 g6 17. Qh6+ Kg8 18. f5 exf5 19. h5 Bg5 20. Nxf7 Kxf7 21. hxg6+ hxg6 22. Qxh8 Qxh8 23. Rxh8 Rxh8 24. Kd2 Rh2+ 25. Be2 Ba6 26. Re1 Rxe2+ 0-1

[Event "78. Camp. Interprovinciale PD e Rov"]
[Site "Monselice ITA"]
[Date "2018.01.21"]
[Round "4.11"]
[White "Martinello, Edoardo"]
[Black "Giannati, Manuel"]
[Result "0-1"]
[WhiteElo "1610"]
[BlackElo "1476"]
[Annotator "Ballarin,Gabriele"]
[PlyCount "72"]
[EventDate "2018.01.19"]
[EventType "swiss"]
[EventRounds "5"]
[EventCountry "ITA"]

1. d4 Nf6 2. Nf3 e6 3. Bg5 h6 4. Bh4 c5 5. e3 d5 6. c3 Nbd7 7. Nbd2 c4 8. Qc2 b5 9. e4 Qb6 10. a3 a5 11. e5 Ng8 12. Be2 Bb7 13. O-O b4 14. axb4 axb4 15. Rxa8+ Bxa8 16. Ra1 Bc6 17. cxb4 Bxb4 18. Nb1 Ne7 19. b3 cxb3 20. Qxb3 O-O 21. Nc3 Bxc3 22. Qxb6 Nxb6 23. Rc1 g5 24. Rxc3 gxh4 25. Nxh4 Kg7 26. Rg3+ Ng6 27. Bd3 Be8 28. f4 f5 29. exf6+ Rxf6 30. f5 Nc8 31. fxg6 Ne7 32. Re3 Bxg6 33. Bxg6 Nxg6 34. Nf3 Kf7 35. Kf2 Nh4 36. Kg3 Nf5+ 0-1

[Event "78. Camp. Interprovinciale PD e Rov"]
[Site "Monselice ITA"]
[Date "2018.01.21"]
[Round "4.12"]
[White "Pilotto, Alessandro"]
[Black "Di Buono, Giovanni"]
[Result "1-0"]
[WhiteElo "1583"]
[BlackElo "1457"]
[Annotator "Ballarin,Gabriele"]
[PlyCount "77"]
[EventDate "2018.01.19"]
[EventType "swiss"]
[EventRounds "5"]
[EventCountry "ITA"]

1. d4 f5 2. Bf4 g6 3. Nf3 Nf6 4. h4 h6 5. c3 Bg7 6. e3 d6 7. Bc4 d5 8. Bd3 O-O 9. Nbd2 Nbd7 10. c4 c6 11. b4 a5 12. b5 a4 13. c5 cxb5 14. Bxb5 Qa5 15. Bxd7 Bxd7 16. O-O b6 17. cxb6 Qxb6 18. Rb1 Qa6 19. Ne5 Bb5 20. Re1 Kh7 21. Rb2 Bd3 22. Nb1 Bc4 23. Na3 Rfc8 24. Qb1 Ra7 25. Rc1 Rac7 26. Rb6 Bxa2 27. Rxa6 Bxb1 28. Rxb1 Rc3 29. Rxa4 Ne4 30. Ra6 Bf6 31. Nf3 g5 32. hxg5 hxg5 33. Be5 Kg6 34. Bxf6 exf6 35. g3 Kh5 36. Kg2 Kg4 37. Ne5+ fxe5 38. f3+ Kh5 39. Rh1# 1-0

[Event "78. Camp. Interprovinciale PD e Rov"]
[Site "Monselice ITA"]
[Date "2018.01.21"]
[Round "4.13"]
[White "Alessi, Giovanni"]
[Black "Martarello, Andrea"]
[Result "0-1"]
[WhiteElo "1482"]
[BlackElo "1540"]
[Annotator "Ballarin,Gabriele"]
[PlyCount "96"]
[EventDate "2018.01.19"]
[EventType "swiss"]
[EventRounds "5"]
[EventCountry "ITA"]

1. d4 Nf6 2. Nf3 c5 3. c3 e6 4. Bf4 Qb6 5. Qc1 Nc6 6. e3 d5 7. h3 Bd7 8. Nbd2 h6 9. a3 Rc8 10. Rb1 a5 11. Bd3 Be7 12. Qd1 O-O 13. O-O c4 14. Bc2 Nh5 15. Bh2 f5 16. Ne5 Be8 17. Ndf3 Qd8 18. b3 Bxa3 19. bxc4 b6 20. cxd5 Qxd5 21. c4 Qd8 22. Nxc6 Bxc6 23. Ne5 Nf6 24. Bb3 Ne4 25. Qd3 Bb4 26. Rb2 Qf6 27. d5 Rfd8 28. f3 Nc5 29. Qc2 exd5 30. Nxc6 Rxc6 31. cxd5 Rcc8 32. Rd1 Kh8 33. Bc4 Na4 34. Rxb4 axb4 35. Qxa4 Rxc4 36. Qb5 Rc5 37. Qd3 Rdxd5 38. Qb3 Rxd1+ 39. Qxd1 Qb2 40. Qd8+ Kh7 41. Bc7 Qc1+ 42. Kh2 Rxc7 43. Qd5 b3 44. e4 Rc5 45. Qe6 Qc3 46. Qxb6 Qe5+ 47. Kg1 Rc1+ 48. Kf2 Qc5+ 0-1

[Event "78. Camp. Interprovinciale PD e Rov"]
[Site "Monselice ITA"]
[Date "2018.01.21"]
[Round "4.14"]
[White "Cervatti, Michele"]
[Black "Gialain, Mirco"]
[Result "1-0"]
[WhiteElo "1504"]
[BlackElo "1461"]
[Annotator "Ballarin,Gabriele"]
[PlyCount "111"]
[EventDate "2018.01.19"]
[EventType "swiss"]
[EventRounds "5"]
[EventCountry "ITA"]

1. e4 c5 2. c3 Nc6 3. d4 cxd4 4. cxd4 d5 5. e5 e6 6. Nf3 Nge7 7. Nbd2 a5 8. Nb3 Nf5 9. Bd3 a4 10. Nc5 Bxc5 11. dxc5 Qa5+ 12. Bd2 Qxc5 13. Rc1 Qe7 14. Bb5 Bd7 15. Bxa4 O-O 16. O-O h6 17. Bxc6 Bxc6 18. a3 Rfe8 19. Bb4 Qd7 20. Nd4 Ne7 21. Bd6 Nc8 22. Bb4 Nb6 23. b3 Rac8 24. Re1 Qd8 25. Re3 Qg5 26. Bd6 Bd7 27. Rec3 Rxc3 28. Rxc3 Bc6 29. Nxc6 bxc6 30. Rxc6 Nc8 31. Qc1 Qxc1+ 32. Rxc1 Nxd6 33. exd6 Rd8 34. Rc6 Kf8 35. b4 d4 36. Kf1 e5 37. b5 Ke8 38. a4 Ra8 39. Ra6 Rd8 40. a5 d3 41. Ke1 f5 42. Rc6 Kd7 43. Rc3 e4 44. Rc4 g5 45. Rb4 Rc8 46. b6 Kxd6 47. a6 Rc1+ 48. Kd2 Rc2+ 49. Kd1 Rxf2 50. b7 Rf1+ 51. Kd2 Rf2+ 52. Kc3 Rc2+ 53. Kd4 d2 54. b8=Q+ Rc7 55. Qd8+ Rd7 56. Rb6# 1-0

[Event "78. Camp. Interprovinciale PD e Rov"]
[Site "Monselice ITA"]
[Date "2018.01.21"]
[Round "4.15"]
[White "Taddia, Davide"]
[Black "Dal Cin, Carlo"]
[Result "1-0"]
[WhiteElo "1482"]
[BlackElo "1440"]
[Annotator "Ballarin,Gabriele"]
[PlyCount "55"]
[EventDate "2018.01.19"]
[EventType "swiss"]
[EventRounds "5"]
[EventCountry "ITA"]

1. d4 e6 2. Bf4 c5 3. e3 Nc6 4. c3 Nf6 5. Nd2 d5 6. h3 cxd4 7. exd4 Bd6 8. Bxd6 Qxd6 9. Ngf3 O-O 10. Be2 a5 11. O-O b6 12. Qb3 Ne7 13. Ne5 Ba6 14. Rfe1 b5 15. a4 b4 16. Bb5 Bxb5 17. axb5 bxc3 18. bxc3 Rfb8 19. Qa4 Qb6 20. Reb1 Nc8 21. Nc6 Rb7 22. Nf3 Nd6 23. Nfe5 Nxb5 24. c4 dxc4 25. Qxc4 Qa6 26. Rxa5 Na3 27. Rxa6 Rxb1+ 28. Kh2 1-0

[Event "78. Camp. Interprovinciale PD e Rov"]
[Site "Monselice ITA"]
[Date "2018.01.21"]
[Round "4.16"]
[White "Lovisetto, Giampaolo"]
[Black "Alfier, Cecilia"]
[Result "1/2-1/2"]
[WhiteElo "1556"]
[BlackElo "1641"]
[Annotator "Ballarin,Gabriele"]
[PlyCount "90"]
[EventDate "2018.01.19"]
[EventType "swiss"]
[EventRounds "5"]
[EventCountry "ITA"]

1. d4 Nf6 2. c4 d6 3. Nf3 g6 4. b3 Bg7 5. Bb2 O-O 6. e3 c6 7. Bd3 Nbd7 8. Nc3 Re8 9. O-O e5 10. dxe5 Nxe5 11. Nxe5 dxe5 12. Qc2 Be6 13. Rad1 Qc7 14. Na4 c5 15. Nc3 a6 16. Be2 Rad8 17. h3 Rxd1 18. Rxd1 Rd8 19. Rxd8+ Qxd8 20. Bf3 Bf5 21. e4 Be6 22. Nd5 Nxd5 23. cxd5 Bc8 24. Qxc5 f6 25. Be2 Bf8 26. Qc2 Bd6 27. Bc1 Qc7 28. Qxc7 Bxc7 29. Ba3 Kf7 30. d6 Bd8 31. Bc4+ Be6 32. Kf1 Bxc4+ 33. bxc4 Ke6 34. Ke2 b6 35. Kd3 f5 36. c5 Kd7 37. f4 exf4 38. exf5 bxc5 39. Bxc5 gxf5 40. Ke2 Bf6 41. Kf3 Be5 42. Bb4 Kc6 43. a4 h5 44. Ba3 Kd7 45. Bb4 Kc6 1/2-1/2

[Event "78. Camp. Interprovinciale PD e Rov"]
[Site "Monselice ITA"]
[Date "2018.01.21"]
[Round "5.1"]
[White "Simonetto, Andrea"]
[Black "Gallo, Enrico"]
[Result "1-0"]
[WhiteElo "2055"]
[BlackElo "2100"]
[Annotator "Ballarin,Gabriele"]
[PlyCount "85"]
[EventDate "2018.01.19"]
[EventType "swiss"]
[EventRounds "5"]
[EventCountry "ITA"]

1. d4 Nf6 2. c4 c5 3. d5 e6 4. Nc3 exd5 5. cxd5 d6 6. e4 g6 7. Nge2 Bg7 8. Ng3 O-O 9. Be2 Re8 10. O-O a6 11. a4 Nbd7 12. Bg5 h6 13. Be3 Qc7 14. Qd2 Kh7 15. h3 b6 16. Rfc1 Bb7 17. Rab1 Rac8 18. b3 Qd8 19. Re1 Qe7 20. Rbc1 Qf8 21. Bc4 h5 22. f3 Ne5 23. Qe2 Nxc4 24. Qxc4 Nd7 25. f4 Qh8 26. e5 dxe5 27. f5 e4 28. fxg6+ fxg6 29. Ngxe4 Qg8 30. Nd6 Rxe3 31. Rxe3 Bd4 32. Rce1 b5 33. axb5 Nb6 34. Qe2 Nxd5 35. Nxd5 Qxd5 36. Nxc8 axb5 37. Kh1 Bxe3 38. Nd6 Qxd6 39. Qxe3 Bd5 40. Qe8 Bxb3 41. Re7+ Kh6 42. Qf8+ Kg5 43. h4+ 1-0

[Event "78. Camp. Interprovinciale PD e Rov"]
[Site "Monselice ITA"]
[Date "2018.01.21"]
[Round "5.2"]
[White "Simonetto, Alessio"]
[Black "Zanirato, Stefano"]
[Result "1-0"]
[WhiteElo "2068"]
[BlackElo "1884"]
[Annotator "Ballarin,Gabriele"]
[PlyCount "73"]
[EventDate "2018.01.19"]
[EventType "swiss"]
[EventRounds "5"]
[EventCountry "ITA"]

1. d4 d5 2. Nf3 Nc6 3. Bf4 Bf5 4. e3 a6 5. a3 e6 6. c4 Bd6 7. Bg3 Nf6 8. Nc3 Bxg3 9. hxg3 Bg4 10. cxd5 exd5 11. Bd3 Qd6 12. Rc1 h5 13. Qc2 Bxf3 14. gxf3 Ke7 15. Ne2 g5 16. e4 dxe4 17. fxe4 Ne8 18. e5 Qd5 19. Be4 Qa5+ 20. Kf1 Qb6 21. Bxc6 bxc6 22. Qxc6 Rb8 23. b4 Rh6 24. Qxb6 Rbxb6 25. f4 f6 26. Rc5 g4 27. Nc3 Kd7 28. Nd5 Rb5 29. exf6 Nxf6 30. Nxf6+ Rxf6 31. Rhxh5 Rxc5 32. Rxc5 Rd6 33. d5 Kc8 34. Kf2 Kb7 35. Ke3 Rh6 36. f5 Rh1 37. Kf4 1-0